• 首页
  • 本馆介绍
  • 公告通知
  • 最新文献
  • 馆藏检索
  • 电子资源
  • 读者导购
  • 参考咨询
  • 我的图书馆
  • 登录
  • 详细信息显示
  • 放入我的书架
  • 预约/预借图书
  • 作者相关作品
  • 分类相关作品
  • 丛书相关作品
  • 出版社相关作品

书目信息

  • 表格格式
  • 工作单格式
  • 卡片格式
题名:
谭嗣同文选注
    
 
作者: 谭嗣同 著 ;周振甫 选注
分册:  
出版信息: 北京   中华书局  1981
页数: 241页
开本: 21cm
丛书名:
单 册:
中图分类: B254.1 , H159
科图分类:
主题词: 古典哲学--中国--清代 , 古典哲学 , 汉语--翻译
电子资源:
ISBN:
000 00801nam0 2200289 450
001 1573440586
005 20150122202424.79
010    @dCNY0.93
091    @a2018.164
100    @a19950510d1981 em y0chiy0110 ea
101 0  @achi
102    @aCN@b110000
105    @ay z 000yy
200 1  @a谭嗣同文选注@9tan si tong wen xuan zhu@f(清)谭嗣同著@g周振甫选注
210    @a北京@c中华书局@d1981
215    @a241页@d21cm
600  0 @a谭嗣同@f(1865~1898)@x选集
600  0 @2CT@3S072865@a谭嗣同@f(1865~1898)
606 0  @a古典哲学@y中国@z清代
606 0  @a古典哲学
606 0  @a汉语@x翻译
690    @aB254.1@v5
690    @aH159@v4
701  0 @a谭嗣同@9tan si tong@4著
702  0 @a周振甫@9zhou zhen fu@f(1911~2000)@4选注
801  0 @aCN@bTSSF@c20150122
905    @aZUCC@dH159@eJY110
    
    谭嗣同文选注/(清)谭嗣同著/周振甫选注.-北京:中华书局,1981
    241页;21cm
    
    
    ISBN :CNY0.93
    
●
相关链接 在E读中查询图书 在五车中查询图书 在当当中查询图书 在豆瓣中查询图书


正题名:谭嗣同文选注     索取号:H159/JY110         预约/预借

序号 登录号 条形码 馆藏地/架位号 状态 备注
1 7850403   278504030   学院路分馆/ [索取号:H159/JY110] 在馆    
唐山师范学院图书馆 欢迎您!
大连网信软件有限公司© 版权所有